00242as aa2200073a 4450024500180000026001220001831000140014004100140015410aCommon Ground bMinisterio Federal del Medio Ambiente, Protección de la Naturaleza y Seguridad de los Reactores NuclearesaAlemania aIRREGULAR0 aEspañol